00453nam a22001457a 4500003000900000005001700009008004100026020003000067040001300097082001500110100002300125245011500148260003400263300001000297SEACOMEC20250204123108.0250204b |||||||| |||| 00| 0 eng d a978-3-540-66570-0c495.00 aSEACOMEC a515 bC858 aCourant, Richard  aIntroduction to Calculus and Analysis, : Vol. 2 {Classics in Mathematics) c/ Richard Courant &, Fritz John  aNew Delhi :bSpringer,c 1989 aVol-2